1973 1773 1389 1518 1428 1136 1821 1296 1702 1929 1056 1345 1785 1498 1016 1123 1448 1280 1561 1470 1410 1302 1354 1626 1440 1727 1156 1433 1351 1849 1259 1357 1868 1543 1435 1418 1620 1074 1318 1029 1254 1255 1827 1352 1620 1546 1173 1585 1540 1471 1141 1820 1610 1735 1595 1686 1519 1261 1630 1524 1815 1128 1973 1029 1843 1486 1390 1746 1200 1927 1243 1645 1555 1108 1519 1435 1702 1321 1277 1185 1852 1103 1978 1241 1329 1973 1782 1336 1523 1521 1077 1375 1519 1453 1047 1916 1311 1141 1869 BCNSPRNW ULIB Ver.6.0+V

เปลี่ยนเป็นภาษาไทย

Change to English
 แสดงรายละเอียดบรรณานุกรม
  กลับหน้าหลัก

Brief Record : Get Marc (ISO 2709) : E-mail record : QR code < ปิดหน้าต่าง
LEADER : 00000nam 2200000uu 4500
001    13399120997
003     ULIB
008    120706s2546||||th 000 0 tha d
020    ^a9789749656020
020    9749656024
090    ^aนว.^bร930ฮ ล.5
100 0  ^aโรว์ลิ่ง, เจ.เค.
245 00 ^aแฮร์รี่ พอตเตอร์ กับพาคีนกฟินิกซ์ เล่ม5/^cโรว์ลิ่ง, เจ.เค.
250    ^aพิมพ์ครั้งที่ 18
260    ^aกรุงเทพฯ :^bนานมีบุ๊คส์,^c2546
300    ^a1047 หน้า
710 1  ^aนานมีบุ๊คส์
945    ^p495^l0^i14053
995    ^aกัณชพร
999    ^aใช้งานได้ทุกระบบ
รายการนี้ยังไม่มีแท็ก
คุณยังไม่ได้ล็อกอิน คุณสามารถมีกิจกรรมร่วมกับเว็บไซต์ได้ แต่ต้องล็อกอินก่อน ::
  ล็อกอิน

รายการสื่อสารสนเทศ

ลำดับที่ ประเภท เลขเรียก/บาร์โค้ด สถานที่ สถานะ
1. นวนิยาย
นวนิยาย
นว. ร930ฮ ล.5 ฉ.1 
  Barcode: 14053
ห้องสมุดวิทยาเขตสวรรค์ประชารักษ์
►นวนิยาย
บนชั้น
  ขอยืม

รายการใกล้เคียง
    ผู้แต่ง [โรว์ลิ่ง, เจ.เค.]

BibComment


ยังไม่เคยถูกคอมเมนท์

คอมเมนท์ทรัพยากรรายการนี้
  คอมเมนท์: แฮร์รี่ พอตเตอร์..


 Copyright 2026. Bcnsprnw @Library